Normal view MARC view

Entry Personal Name

Number of records used in: 1

001 - CONTROL NUMBER

  • control field: 53083

003 - CONTROL NUMBER IDENTIFIER

  • control field: dpl

005 - DATE AND TIME OF LATEST TRANSACTION

  • control field: 20121012161615.0

008 - FIXED-LENGTH DATA ELEMENTS

  • fixed length control field: 121012|||a|||||| | ||| d

040 ## - CATALOGING SOURCE

  • Original cataloging agency: dpl
  • Transcribing agency: dpl

100 ## - HEADING--PERSONAL NAME

  • Personal name: टैगोर, रवींद्रनाथ

670 ## - SOURCE DATA FOUND

  • Source citation: Work cat.: (dpl)67861: टैगोर, रवींद्रनाथ, रवींद्रनाथ टैगोर कि लोकप्रिय कहानियाँ/, 2012

670 ## - SOURCE DATA FOUND

  • Source citation: Work cat.: (dpl)67861: टैगोर, रवींद्रनाथ, रवींद्रनाथ टैगोर कि लोकप्रिय कहानियाँ/, 2012

© Delhi Public Library
Hit Counter
free hit counter